000 00813nam a22002177a 4500
008 090312t xxu||||| |||| 00| 0 eng d
010 _aENG-93163
020 _c150.00
035 _aEN-76696
037 _bDBAD / PUB
040 _adpl
_bEnglish
082 _a581.012
100 _aMangaiyarkarasi, K.
245 _aPlant taxonomy /
_cby K. Mangaiyarkarasi
260 _aTrichy
_b K. Mangaiyarkarasi
_c2008
270 _a10, V.V.R. Complex, Sunder Nagar, K.K. Nagar main Road,
_bTrichy
_e620021
300 _a166p.:
_c19cm (pbk)
_bill.
500 _aIncludes references
942 _2ddc
_cEN
_mMAN
_h581.012
999 _c25036
_d25036